00478nam a22001577a 450000500170000000800410001702000180005804100120007608200140008810000120010224500920011425000180020626000460022430000250027065000250029520241205112220.0241205b |||||||| |||| 00| 0 eng d a9781485150831 aEnglish a344.1 AWA lEnglish aLegal Reflections on workplace equality and discrimination law in Namibia / cMR Awarab aFirst Edition aCape Town: bJuta and Company Ltd, c2023 b330 pages; c15 cm.  aLegal practice bLaw